| 000 | 01292cam a22003978i 4500 | ||
|---|---|---|---|
| 001 | 1140124279 | ||
| 003 | OCoLC | ||
| 005 | 20241028121021.0 | ||
| 008 | 200120s2020 ne a b 001 0 eng d | ||
| 015 |
_aGBC011583 _2bnb |
||
| 016 | 7 |
_a019688912 _2Uk |
|
| 020 |
_a9780323673228 _q(pbk.) : |
||
| 020 | _a0323673228 | ||
| 035 | _a(OCoLC)1140124279 | ||
| 040 |
_aUKMGB _beng _erda _cUKMGB _dOCLCO _dOCLCF |
||
| 049 |
_aYYEA _aVZYM |
||
| 080 |
_a616-093 _bM-96 |
||
| 099 | _aINTERNET LINK | ||
| 100 | 1 | _aMurray, Patrick R. | |
| 245 | 1 | 0 |
_aMedical microbiology _cPatrick R. Murray, Ken S. Rosenthal, Michael A. Pfaller. |
| 250 | _a9th ed. | ||
| 260 |
_aAmsterdam : _bElsevier, _c2021 |
||
| 300 |
_a1 volume : 855 p. _billustrations (black and white, and colour) ; _c28 cm. |
||
| 365 | _b97.19 usd | ||
| 500 | _aEINSTEIN & MMC: available online via Clinical Key. See Reference staff for assistance. | ||
| 504 | _aIncludes bibliographical references and index. | ||
| 650 | 1 | 2 | _aMicrobiology. |
| 650 | 2 | 2 | _aMicrobiological Techniques. |
| 650 | 2 | 2 | _aParasitology. |
| 653 | _aმიკრობიოლოგია | ||
| 655 | 7 | _aElectronic books. | |
| 700 | 1 | _aRosenthal, Ken S. | |
| 700 | 1 | _aPfaller, Michael A. | |
| 710 | 2 | _aClinical Key (Online Service) | |
| 942 |
_2udc _cBK _e9 |
||
| 999 |
_c84 _d84 |
||